Central Library OPAC University of Rajshahi

The biology of weeds / (Record no. 11988)

MARC details
000 -LEADER
fixed length control field 00871cam a2200301 a 4500
001 - CONTROL NUMBER
control field 11988
003 - CONTROL NUMBER IDENTIFIER
rucl marc code BD-RjUL
005 - DATE AND TIME OF LATEST TRANSACTION
control field 20211208235222.0
008 - FIXED-LENGTH DATA ELEMENTS--GENERAL INFORMATION
fixed length control field 140127s1977 enka b 000 0 eng
020 ## - INTERNATIONAL STANDARD BOOK NUMBER
International Standard Book Number 0713126361 :
International Standard Book Number 071312637X (pbk.)
035 ## - SYSTEM CONTROL NUMBER
System control number (BD-RjUL)12037
040 ## - CATALOGING SOURCE
Original cataloging agency LC
Language of cataloging eng
Transcribing agency LC
Modifying agency XNTU
-- BD-RjUL
041 ## - LANGUAGE CODE
Language code of text/sound track or separate title eng
082 04 - DEWEY DECIMAL CLASSIFICATION NUMBER
Classification number 581.65
Author mark and year HIB 1977
100 1# - MAIN ENTRY--PERSONAL NAME
Personal name Hill, Thomas Anthony.
9 (RLIN) 37159
245 14 - TITLE STATEMENT
Title The biology of weeds /
Statement of responsibility, etc. by Thomas A. Hill.
260 ## - PUBLICATION, DISTRIBUTION, ETC. (IMPRINT)
Place of publication, distribution, etc. London :
Name of publisher, distributor, etc. E. Arnold,
Date of publication, distribution, etc. 1977.
300 ## - PHYSICAL DESCRIPTION
Pagination 64 p. :
Illustrations ill., :
-- 22 cm.
490 1# - SERIES STATEMENT
Series statement The Institute of Biology's studies in biology ; no. 79
504 ## - BIBLIOGRAPHY, ETC. NOTE
Bibliography, etc Bibliography: p. [60]-61.
650 #0 - SUBJECT ADDED ENTRY--TOPICAL TERM
Topical term or geographic name as entry element Weeds.
9 (RLIN) 37160
830 #0 - SERIES ADDED ENTRY--UNIFORM TITLE
Volume number/sequential designation no. 79.
Uniform title Institute of Biology's studies in biology ;
942 ## - ADDED ENTRY ELEMENTS (KOHA)
Source of classification or shelving scheme Dewey Decimal Classification
Koha item type Books
Holdings
Lost status Source of classification or shelving scheme Damaged status Not for loan Collection code Permanent Location Current Location Shelving location Date acquired Source of acquisition Cost, normal purchase price Total Checkouts Full call number Date last seen Copy number Koha item type
  Dewey Decimal Classification     Non-fiction Central Library, University of Rajshahi Central Library, University of Rajshahi   12/05/1983 Helfers. 1.95   581.65 HIB 1977 27/01/2014 C-2 Books
  Dewey Decimal Classification   Not For Loan Non-fiction Central Library, University of Rajshahi Central Library, University of Rajshahi Reading Room 24/06/1982 standerd publication 150.00   581.65 HIB 1978 28/01/2014 C-1 Books